<?xml version="1.0" encoding="UTF-8"?>
<marc:record xmlns:marc="http://www.loc.gov/MARC21/slim">
   <marc:leader>00000nam a2200000 a 4500</marc:leader>
   <marc:datafield ind1="1" ind2=" " tag="100">
      <marc:subfield code="a">Neumayer, Gabi</marc:subfield>
      <marc:subfield code="4">aut</marc:subfield>
      <marc:subfield code="e">Verfasser/-in</marc:subfield>
   </marc:datafield>
   <marc:datafield ind1=" " ind2=" " tag="653">
      <marc:subfield code="a">Umweltschutz</marc:subfield>
   </marc:datafield>
   <marc:datafield ind1=" " ind2=" " tag="653">
      <marc:subfield code="a">Energie</marc:subfield>
   </marc:datafield>
   <marc:datafield ind1=" " ind2=" " tag="653">
      <marc:subfield code="a">Umweltverschmutzung</marc:subfield>
   </marc:datafield>
   <marc:datafield ind1=" " ind2=" " tag="653">
      <marc:subfield code="a">Strom</marc:subfield>
   </marc:datafield>
   <marc:datafield ind1="0" ind2="0" tag="245">
      <marc:subfield code="a">Umwelt und Energie</marc:subfield>
   </marc:datafield>
   <marc:datafield ind1="0" ind2="0" tag="245">
      <marc:subfield code="b">; Frag doch mal ... die Maus!</marc:subfield>
   </marc:datafield>
   <marc:datafield ind1=" " ind2="1" tag="264">
      <marc:subfield code="b">Carlsen</marc:subfield>
      <marc:subfield code="c">2019</marc:subfield>
   </marc:datafield>
   <marc:datafield ind1="1" ind2=" " tag="490">
      <marc:subfield code="a">Frag doch mal ... die Maus!</marc:subfield>
   </marc:datafield>
   <marc:datafield ind1="1" ind2=" " tag="520">
      <marc:subfield code="a">Gut verständlich erklärt die Autorin, was Klimawandel ist und welche Folgen die Klimaerwärmung mit sich bringt. Sie beschreibt Mikroplastik und gibt - wie es bei dieser Reihe üblich ist - immer Tipps, die jeder Einzelne befolgen kann: z. B. wie man Plastikmüll vermeidet. Erklärt werden hier auch verschiedene Formen der Energiegewinnung, mit dem Hinweis auf erneuerbare Energien. Anschauliche Vergleiche lassen die jungen Leserinnen ahnen, wie viele Ressourcen täglich verbraucht werden. So fragt man hier: "Wenn du die Wahl hättest, im nächsten Jahr insgesamt zehn Hamburger weniger zu essen, oder jeden Tag kurz zu duschen: Was würdest du tun?" Im folgenden Absatz wird dann erklärt, warum hier die gleiche Menge an Wasser verbraucht wird. Das abschließende "Mauslexikon" erklärt in alphabetischer Reihenfolge die verwendeten Fachbegriffe. (ab 9/10J)</marc:subfield>
   </marc:datafield>
   <marc:datafield ind1=" " ind2=" " tag="020">
      <marc:subfield code="a">9783551252685</marc:subfield>
      <marc:subfield code="9">9783551252685</marc:subfield>
   </marc:datafield>
</marc:record>
